Загрузка...
To have and have not
| Главный автор: | |
|---|---|
| Формат: | Printed Book |
| Опубликовано: |
London
Arrow Books
1994
|
| Редактирование: | 1st ed. |
| Предметы: |
| LEADER | 00473cam a2200157ua 4500 | ||
|---|---|---|---|
| 020 | |a 0-09-990900-6 | ||
| 082 | |a 813.5 |b HEM/T | ||
| 100 | 0 | |a Hemingway,, Ernest | |
| 245 | 1 | 0 | |a To have and have not |
| 250 | |a 1st ed. | ||
| 260 | |a London |b Arrow Books |c 1994 | ||
| 300 | |a 184p. | ||
| 650 | 0 | |a American literature- Fiction | |
| 942 | |c BK | ||
| 999 | |c 1513 |d 1513 | ||
| 952 | |0 0 |1 0 |4 0 |6 813_500000000000000_HEM |7 0 |9 1573 |a KUCL |b KUCL |d 2014-05-23 |l 0 |o 813.5 HEM/ |p 04630 |r 2014-05-23 |w 2014-05-23 |y BK | ||